Občan v trestním řízení /

Na minha lista:
Detalhes bibliográficos
Main Authors: Císařová, Dagmar (Author), Čížková, Jana (Author)
Formato: Livro
Idioma:tcheco
Publicado em: Praha : Panorama, 1989
Edição:1.vyd.
Assuntos:
Tags: Adicionar Tag
Sem tags, seja o primeiro a adicionar uma tag!

MARC

LEADER 00000nam a22000003a 4500
001 stu35129
005 20150617225731.5
008 920409s1989----cs------------------cze-d
040 |a STU  |b slo 
041 0 |a cze 
044 |a cs 
080 |a 343.2(035) 
100 1 |a Císařová, Dagmar  |4 aut 
245 1 |a Občan v trestním řízení /  |c [aut.]Dagmar Císařová, Jana Čížková 
250 |a 1.vyd. 
260 |a Praha :  |b Panorama,  |c 1989 
300 |a 271 s 
650 7 |a Právo trestné  |2 stusub 
650 7 |a príručky  |2 stusub 
700 1 |a Čížková, Jana  |4 aut 
996 |b 284M022965  |c M*7124-1  |l MMKN  |s A  |a 24  |w stu35129_0001